Podrobnosti MARC
| 000 -Návěští |
| Řídící pole kódované 24B |
02289nam a2200529 i 4500 |
| 001 - Kontrolní číslo |
| Řídící pole proměnné |
nkc20213383503 |
| 003 - Identifikátor kontrolního čísla |
| Řídící pole proměnné |
CZ PrSKC |
| 005 - Datum posledního zpracování |
| Řídící pole 16B |
20260505163300.0 |
| 007 - Pole pevné délky pro fyzický popis |
| Řídící pole kódované |
ta |
| 008 - Údaje pevné délky |
| Řídící pole kódované 40B |
211215s2022 xr e 000 jacze |
| 020 ## - ISBN |
| ISBN |
9788024279480 |
| 020 ## - ISBN |
| ISBN |
9788088126980 |
| 040 ## - Zdroj katalogizace-agentura |
| Agentura původní katalogizace |
BOA001 |
| Jazyk katalogizace |
cze |
| Agentura upravující záznam |
ABA001 |
| Použitá pravidla popisu |
rda |
| 041 1# - Kód jazyka |
| Kód jazyka textu/zvuku, mezititulků |
cze |
| Kód jazyka originálu |
eng |
| 072 #7 - Kód předmětové kategorie - Konspekt |
| Předmětová kategorie |
616 |
| Zpřesnění předmětové kategorie |
Patologie. Klinická medicína |
| Zdroj předmětové klasifikace |
Konspekt |
| 072 #7 - Kód předmětové kategorie - Konspekt |
| Předmětová kategorie |
929 |
| Zpřesnění předmětové kategorie |
Biografie |
| Zdroj předmětové klasifikace |
Konspekt |
| 080 ## - MDT |
| Klasifikační znak MDT |
616-055.2 |
| Idetifikátor vydání MDT |
MRF |
| 080 ## - MDT |
| Klasifikační znak MDT |
616-093.75 |
| Idetifikátor vydání MDT |
MRF |
| 080 ## - MDT |
| Klasifikační znak MDT |
616-036.887 |
| Idetifikátor vydání MDT |
MRF |
| 080 ## - MDT |
| Klasifikační znak MDT |
929 |
| Idetifikátor vydání MDT |
MRF |
| 080 ## - MDT |
| Klasifikační znak MDT |
(410) |
| Idetifikátor vydání MDT |
MRF |
| 080 ## - MDT |
| Klasifikační znak MDT |
(0:82-322.6) |
| Idetifikátor vydání MDT |
MRF |
| 100 1# - Hlavní záhlaví - osobní jméno autora |
| Osobní jméno |
Clarke, Rachel, |
| Datumy související se jménem |
1972- |
| Kód role |
aut |
| 240 10 - Unifikovaný název |
| Unifikovaný název |
<a href="Dear life.">Dear life.</a> |
| Jazyk díla |
Česky |
| 245 10 - Údaje o názvu |
| Název |
Je-li ti život milý : |
| Další údaje o názvu |
příběhy ze života paliativní lékařky / |
| Údaj o odpovědností, atd. |
Rachel Clarke ; z angličtiny přeložila Tereza Kinovičová |
| 250 ## - Údaje o vydání |
| Označení vydání |
Vydání první |
| 264 #1 - Nakladatelské údaje |
| Místo vydání |
Praha : |
| Nakladatel |
Euromedia Group : |
| -- |
Cesta domů, |
| Rok vydání |
2022 |
| 300 ## - Fyzický popis |
| Rozsah |
213 stran ; |
| Rozměry |
24 cm |
| 490 1# - Údaje o edici |
| Údaje o edici |
Esence |
| 504 ## - Poznámka o bibliografii |
| Text poznámky o bibliografii,atd |
Obsahuje bibliografické odkazy |
| 520 2# - Anotace |
| Anotace, atd. |
Specialistka paliativní péče denně pomáhá nevyléčitelně nemocným smířit se s osudem a snaží se jim umírání co nejvíce ulehčit. |
| Rozšířený text anotace |
Když však Rachelinu otci diagnostikují poslední stadium rakoviny a ona musí čelit odchodu milovaného člověka, otřese to nejen jejím vnímáním celé dosavadní praxe, ale na povrch se dostanou nejrůznější otázky o smyslu života. Nakladatelská anotace. Kráceno. |
| 600 17 - Vedlejší věcné záhlaví - osobní jméno |
| Osobní jméno |
Clarke, Rachel, |
| Datumy související se jménem |
1972- |
| Zdroj záhlaví nebo termínu |
czenas |
| 648 #7 - Vedlejší věcné záhlaví - chronologický termín |
| Chronologický termín |
20.-21. století |
| Zdroj záhlaví nebo termínu |
czenas |
| -- |
117 |
| 650 07 - Vedlejší věcné záhlaví - věcné téma |
| Věcné téma |
lékařky |
| Geografické zpřesnění |
Velká Británie |
| Chronologické zpřesnění |
20.-21. století |
| Zdroj záhlaví nebo termínu |
czenas |
| 9 (RLIN) |
20721 |
| 650 07 - Vedlejší věcné záhlaví - věcné téma |
| Věcné téma |
paliativní medicína |
| Geografické zpřesnění |
Velká Británie |
| Zdroj záhlaví nebo termínu |
czenas |
| 9 (RLIN) |
20722 |
| 650 07 - Vedlejší věcné záhlaví - věcné téma |
| Věcné téma |
paliativní péče |
| Geografické zpřesnění |
Velká Británie |
| Zdroj záhlaví nebo termínu |
czenas |
| 9 (RLIN) |
20723 |
| 650 07 - Vedlejší věcné záhlaví - věcné téma |
| Věcné téma |
umírání |
| Zdroj záhlaví nebo termínu |
czenas |
| 9 (RLIN) |
10024 |
| 650 09 - Vedlejší věcné záhlaví - věcné téma |
| Věcné téma |
women physicians |
| Geografické zpřesnění |
Great Britain |
| Chronologické zpřesnění |
20th-21st centuries |
| Zdroj záhlaví nebo termínu |
eczenas |
| 9 (RLIN) |
20724 |
| 650 09 - Vedlejší věcné záhlaví - věcné téma |
| Věcné téma |
palliative medicine |
| Geografické zpřesnění |
Great Britain |
| Zdroj záhlaví nebo termínu |
eczenas |
| 9 (RLIN) |
20725 |
| 650 09 - Vedlejší věcné záhlaví - věcné téma |
| Věcné téma |
palliative care |
| Geografické zpřesnění |
Great Britain |
| Zdroj záhlaví nebo termínu |
eczenas |
| 9 (RLIN) |
20726 |
| 650 09 - Vedlejší věcné záhlaví - věcné téma |
| Věcné téma |
dying |
| Zdroj záhlaví nebo termínu |
eczenas |
| 9 (RLIN) |
10031 |
| 655 #7 - Rejstříkový termín - žánr/forma |
| Žánr/forma či základní termín |
autobiografické příběhy |
| -- |
120 |
| 655 #9 - Rejstříkový termín - žánr/forma |
| Žánr/forma či základní termín |
autobiographical stories |
| -- |
122 |
| 700 1# - Vedlejší záhlaví - osobní jméno autora |
| Osobní jméno |
Kinovičová, Tereza, |
| Datumy související se jménem |
1973- |
| Kód role |
trl |
| 9 (RLIN) |
20727 |
| 910 ## - Údaje o vlastníkovi jednotky (exempláře) |
| Sigla vlastníka jednotky |
ABG508 |